INTRODUCTORY COURSE ON ENVIRONMENTAL IMPACT ASSESSMENT IN TANZANIA: (Record no. 3584)

MARC details
000 -LEADER
fixed length control field 00344nam a22000977a 4500
008 - FIXED-LENGTH DATA ELEMENTS--GENERAL INFORMATION
fixed length control field 151015b xxu||||| |||| 00| 0 eng d
082 ## -
Classification number 333.7 EVN
100 ## - MAIN ENTRY--PERSONAL NAME
Personal name MWALYOSI RAPHAEL,
Numeration ROSS HUGHES, DAVID HOWLETT
245 ## - TITLE STATEMENT
Title INTRODUCTORY COURSE ON ENVIRONMENTAL IMPACT ASSESSMENT IN TANZANIA:
260 ## - PUBLICATION, DISTRIBUTION, ETC. (IMPRINT)
Place of publication, distribution, etc. DAR ES SALAAM:
Name of publisher, distributor, etc. INSTITUTE OF RESOURCE ASSESSMENT,
Holdings
Withdrawn status Lost status Source of classification or shelving scheme Damaged status Koha normalized classification for sorting Not for loan Home library Current library Shelving location Date acquired Total Checkouts Full call number Date last seen Price effective from Koha item type
    Dewey Decimal Classification   333_700000000000000_EVN Not For Loan Dodoma Dodoma Reference 15/10/2015   333.7 EVN 29/07/2019 15/10/2015 BOOKS

IRDP © 2021 :: Managed by ICT Team